zpět

Detail výsledku týmu

U Dvou dobráků PO, Opava

Datum a čas kvízu

21 Celkem bodů Celkový počet nahraných bodů na tomto kvízu bez doplňovacích otázek.
5. Pořadí na kvízu Konečné umístění týmu na tomto kvízu.

Zaznamenané odpovědi

# Otázka Odpověď Body Výsledky
1. Jak se jmenuje politik, který... Marian Jurečka 0
2. Saúdskoarabský korunní princ M... Jeff Bezos 1
3. Nejvíce nominací na hudební Ce... Vladimír Mišík 0
4. Aféra s předraženou zakázkou n... hackathon 0
5. Čínská tenistka Wang Čhiang, 2... Serenu Williamsovou 1
6. Jelikož se o ostrovech zmiňuje... D 0
7. Jak se nazývá ostrov, na němž... Borneo 0
8. Za jistou formu "ostrova" se d... B C 0
9. Ostrovid je druhové jméno jist... rys 1
10. Jak se jmenoval německý patolo... Paul Langerhans 0